000 00685nam a22001937a 4500
999 _c182941
_d182941
005 20211210144426.0
010 _aUR-11367
020 _c150.00
_a9789382775331
035 _aU-9922
037 _bDBAD/PUB
082 _a844.461
100 _aمحمد بہا ؤ ا لد ين
245 _aگو يا يہ بھی مير ے د ل ميں ہے
_cمحمد بہا ؤ ا لد ين
246 _aGoya Yeh Bhi Mere Dil Mein Hai (Urdu)
_bby Mohd.Bahauddin
260 _aMaharashtra
_c2020 ء
_bNanded Urdu Acedemy
270 _a1-12-3,M.B.Plaza,Airport Road, Chatniya Nagar,
_bNanded
_e431605
_l -
300 _a170 ص
_c22 Cm(Hb)
942 _2ddc
_cUR
_h844
_mم ح م